00000000nam##2200000za#4500
0019.699009
003CaOODSP
00520241203113638
007cr |||||||||||
008150407|2004||||xxc|||||o    f|0| 0 eng|d
040 |aCaOODSP|beng
043 |an-cn---
0861 |aEn14-142/2004E-PDF
1101 |aCanada. |bEnvironment Canada.
24510|aReply to comments on submissions received on the August, 2003 Environment Canada discussion document "Reducing the level of sulphur in Canadian off-road diesel fuel" / |h[electronic resource]|cOil, Gas and Energy Branch.
2461 |aReply to comments - reducing sulphur in off-road diesel discussion paper
260 |aOttawa - Ontario : |bEnvironment Canada |cOctober 2004.
300 |a43p.|bfigs., graphs
590 |a14-08-Supp|b2014-04-10
69007|aAir pollution|2gcpds
69007|aDiesel fuel|2gcpds
69007|aEnvironmental protection|2gcpds
77508|tRéponse aux commentaires reçus au sujet du document de travail d'Environnement Canada « Réduction de la teneur en soufre du carburant diesel hors route au Canada », publié en août 2003 / |w(CaOODSP)9.643015
85640|ahttp://publications.gc.ca|qPDF|s218 KB|uhttps://publications.gc.ca/collections/collection_2014/ec/En14-142-2004-eng.pdf